000 00670nam a2200229 i 4500
001 bg
100 1 _aOTOK, Stanisław
_d(1932- )
245 1 0 _aGeografia polityczna :
_bgeopolityka - państwo - ekopolityka /
_cStanisław Otok.
250 _a[Wyd. 2].
260 _aWarszawa :
_bWydaw. Naukowe PWN,
_c1997.
300 _a179, [1] s. :
_bmapy ;
_c24 cm.
504 _aBibliogr. s. 163-172. - Spis treści także ang.
650 9 _aGeografia polityczna
655 _aPodręczniki
020 _a830112055X
040 _cBPK
041 0 _apl
_ben
080 _a911.3:32](07)
920 _a83-01-12055-X
942 _cKS
008 s pl f |000 0 pol
999 _c32182
_d32182
856 _uhttp://koha.tu.koszalin.pl/cgi-bin/koha/opac-detail.pl?biblionumber=32182
_yKatalog online BPK